| 000 | 01241nmc a2200397 a 4500 | ||
|---|---|---|---|
| 003 | AR-BaBNM | ||
| 005 | 20251128204334.0 | ||
| 008 | 011101s1979 ||||||||||||||000 | spa|| | ||
| 020 | _a84-7046-127-3 | ||
| 040 | _cAR-BaBNM | ||
| 100 | 1 | _aFourcade, René | |
| 245 | 1 | 0 |
_aHacia una renovación pedagógica _bla dinámica/ profesores, alumnos, instituciones |
| 260 |
_aMadrid _bCincel _c1979 |
||
| 300 |
_a205 p. _bil. |
||
| 490 | 0 | _aBiblioteca educación de nuestro tiempo | |
| 500 | _aTraducción de Hilario Alonso Galán | ||
| 504 | _aContiene índices de autores citados y bibliografía | ||
| 650 | 4 | _aCAMBIO DE ACTITUD | |
| 650 | 4 | _aRELACIONES HUMANAS | |
| 650 | 4 | _aESCUELAS ACTIVAS | |
| 650 | 4 | _aRELACION ESCUELA-ALUMNOS | |
| 650 | 4 | _aENSENANZA DE LA LENGUA MATERNA | |
| 650 | 4 | _aENSENANZA DE IDIOMAS | |
| 650 | 4 | _aLABORATORIOS DE IDIOMAS | |
| 650 | 4 | _aENSENANZA AUDIOVISUAL | |
| 650 | 4 | _aFORMACION PROFESIONAL | |
| 650 | 4 | _aCOOPERACION ESCUELA-COMUNIDAD | |
| 650 | 4 | _aACTIVIDADES DE LA CLASE | |
| 650 | 4 | _aDINAMICA DE GRUPO | |
| 653 | _aINNOVACIONES EDUCATIVAS | ||
| 653 | _aENSENANZA TRADICIONAL | ||
| 653 | _aJARDINES DE INFANTES | ||
| 653 | _aEDUCACION SUPERIOR | ||
| 942 | _cBK | ||
| 998 | _cCarmen | ||
| 999 |
_c7078 _d7078 |
||